<?xml version="1.0" encoding="UTF-8"?>
<collection xmlns="http://www.loc.gov/MARC21/slim">
<record>
  <controlfield tag="001">166478</controlfield>
  <controlfield tag="005">20260121131124.0</controlfield>
  <datafield tag="037" ind1=" " ind2=" ">
    <subfield code="a">TAZ-TFG-2025-4290</subfield>
  </datafield>
  <datafield tag="041" ind1=" " ind2=" ">
    <subfield code="a">spa</subfield>
  </datafield>
  <datafield tag="100" ind1="1" ind2=" ">
    <subfield code="a">Miota Álvaro, Inés</subfield>
  </datafield>
  <datafield tag="242" ind1="0" ind2="0">
    <subfield code="a">Perinatal grief in couple relationships: a systematic review of psychological interventions.</subfield>
  </datafield>
  <datafield tag="245" ind1="0" ind2="0">
    <subfield code="a">El duelo perinatal en la relación de pareja: una revisión sistemática de intervenciones psicológicas.</subfield>
  </datafield>
  <datafield tag="260" ind1=" " ind2=" ">
    <subfield code="a">Zaragoza</subfield>
    <subfield code="b">Universidad de Zaragoza</subfield>
    <subfield code="c">2025</subfield>
  </datafield>
  <datafield tag="506" ind1=" " ind2=" ">
    <subfield code="a">by-nc-sa</subfield>
    <subfield code="b">Creative Commons</subfield>
    <subfield code="c">3.0</subfield>
    <subfield code="u">http://creativecommons.org/licenses/by-nc-sa/3.0/</subfield>
  </datafield>
  <datafield tag="520" ind1=" " ind2=" ">
    <subfield code="a">Resumen &lt;br />Este trabajo nace de la necesidad de entender mejor cómo afecta el duelo perinatal a la relación de pareja. El duelo perinatal, conocido como el proceso que atraviesan los padres y madres tras la pérdida de un bebé durante el embarazo, el parto o en los primeros días de vida. Es una experiencia vital profundamente significativa que afecta a nivel emocional, personal y, en muchos casos, también social. Aunque en las últimas décadas se han producido importantes avances médicos, este tipo de pérdida sigue siendo frecuente y continúa marcando de alguna manera las vidas de quienes la sufren.&lt;br />En este trabajo, veremos qué intervenciones psicológicas se han desarrollado para acompañar ese proceso desde una mirada conjunta. A través de una revisión sistemática, se han analizado los estudios que incluyen a ambos progenitores tras una pérdida gestacional o neonatal, siempre que aplicaran algún tipo de intervención terapéutica estructurada. Después de revisar más de quinientos artículos y aplicar ciertos criterios, solo cuatro estudios cumplieron con lo necesario para ser incluidos. A partir de ahí, se han comparado los enfoques, los resultados y también las limitaciones de cada uno. Los hallazgos muestran que, aunque hay intervenciones prometedoras, todavía falta mucha investigación que contemple a la pareja como unidad afectiva, que incluya al padre o a la persona no gestante, y que se adapte a realidades diversas. Además, se detecta una fuerte desigualdad en la forma en que se acompaña a cada miembro de la pareja, lo que muchas veces genera más distancia en lugar de apoyo mutuo. Por eso, este trabajo insiste en la importancia de ofrecer recursos específicos, sensibles y flexibles, que tengan en cuenta las diferencias de género, los ritmos emocionales y el impacto que este tipo de pérdidas puede tener tanto a nivel individual como en la relación. Más que buscar respuestas cerradas, esta revisión quiere abrir nuevas preguntas y poner sobre la mesa una realidad que aún sigue estando bastante silenciada.&lt;br />&lt;br /></subfield>
  </datafield>
  <datafield tag="521" ind1=" " ind2=" ">
    <subfield code="a">Graduado en Psicología</subfield>
  </datafield>
  <datafield tag="540" ind1=" " ind2=" ">
    <subfield code="a">Derechos regulados por licencia Creative Commons</subfield>
  </datafield>
  <datafield tag="856" ind1="0" ind2=" ">
    <subfield code="f">827602@unizar.es</subfield>
  </datafield>
  <datafield tag="856" ind1="4" ind2=" ">
    <subfield code="s">380907</subfield>
    <subfield code="u">http://zaguan.unizar.es/record/166478/files/TAZ-TFG-2025-4290.pdf</subfield>
    <subfield code="y">Memoria (spa)</subfield>
  </datafield>
  <datafield tag="909" ind1="C" ind2="O">
    <subfield code="o">oai:zaguan.unizar.es:166478</subfield>
    <subfield code="p">driver</subfield>
    <subfield code="p">trabajos-fin-grado</subfield>
  </datafield>
  <datafield tag="950" ind1=" " ind2=" ">
    <subfield code="a"></subfield>
  </datafield>
  <datafield tag="691" ind1=" " ind2=" ">
    <subfield code="a">0</subfield>
  </datafield>
  <datafield tag="692" ind1=" " ind2=" ">
    <subfield code="a"></subfield>
  </datafield>
  <datafield tag="700" ind1=" " ind2=" ">
    <subfield code="a">Martinez Borba, Verónica</subfield>
    <subfield code="e">dir.</subfield>
  </datafield>
  <datafield tag="710" ind1="2" ind2=" ">
    <subfield code="a">Universidad de Zaragoza</subfield>
    <subfield code="b">Psicología y Sociología</subfield>
    <subfield code="c">Personalidad,Evaluación y Tratamiento Psicológicos</subfield>
  </datafield>
  <datafield tag="980" ind1=" " ind2=" ">
    <subfield code="a">TAZ</subfield>
    <subfield code="b">TFG</subfield>
    <subfield code="c">FCSH</subfield>
  </datafield>
  <datafield tag="999" ind1=" " ind2=" ">
    <subfield code="a">20250908212515.CREATION_DATE</subfield>
  </datafield>
  <datafield tag="951" ind1=" " ind2=" ">
    <subfield code="a">deposita:2026-01-21</subfield>
  </datafield>
</record>
</collection>